Paesi che contengono una lettera - V - Statistics

Statistiche generali
  • Questo quiz è stato fatto 431 volte
  • Il punteggio medio è 16 su 22
Statistiche sulle risposte
Categoria Paese % Corretto
1 x V Venezuela
98%
1 x V Vanuatu
87%
1 x V Svezia
85%
1 x V Vietnam
85%
1 x V Città del Vaticano
84%
1 x V Slovenia
82%
1 x V Slovacchia
81%
1 x V Svizzera
80%
1 x V Tuvalu
80%
1 x V Nuova Zelanda
76%
1 x V Saint Vincent e Grenadine
74%
1 x V Moldavia
72%
1 x V Norvegia
70%
1 x V Bolivia
69%
1 x V Papua Nuova Guinea
64%
1 x V Capo Verde
63%
1 x V Maldive
62%
1 x V Bosnia ed Erzegovina
60%
1 x V Costa d'Avorio
56%
1 x V Saint Kitts e Nevis
52%
1 x V Kosovo
49%
1 x V El Salvador
46%
Nessun quiz corrispondente trovato
Distribuzione punteggi
Percentuale di utenti per punteggio
Percentile per numero di risposta
I tuoi punteggi nel tempo
Non hai fatto questo quiz